Анализ распределительных устройств гидросистем кузнечных машин; Известия вузов. Машиностроение; № 2

Xehetasun bibliografikoak
Parent link:Известия вузов. Машиностроение.— , 1958-.— 0536-1044
№ 2.— 1975.— С. 155-159
Egile nagusia: Зимин А. И. Анатолий Иванович
Beste egile batzuk: Бочаров Ю. А., Беленко В. Д.
Hizkuntza:errusiera
Argitaratua: 1975
Gaiak:
Formatua: MixedMaterials Liburu kapitulua
KOHA link:https://koha.lib.tpu.ru/cgi-bin/koha/opac-detail.pl?biblionumber=460630

MARC

LEADER 00000naa2a2200000 4500
001 460630
005 20231102015227.0
035 |a (RuTPU)RU\TPU\prd\124590 
035 |a RU\TPU\tpu\11102 
090 |a 460630 
100 |a 20111114a1975 k y0rusy50 ca 
101 0 |a rus 
102 |a RU 
200 1 |a Анализ распределительных устройств гидросистем кузнечных машин  |f А. И. Зимин, Ю. А. Бочаров, В. Д. Беленко 
461 1 |0 (RuTPU)RU\TPU\prd\188  |x 0536-1044  |t Известия вузов. Машиностроение  |d 1958- 
463 1 |0 (RuTPU)RU\TPU\prd\124589  |t № 2  |v С. 155-159  |d 1975 
610 1 |a анализ 
610 1 |a гидросистемы 
610 1 |a кузнечные машины 
610 1 |a распределительные устройства 
610 1 |a труды учёных ТПУ 
700 1 |a Зимин  |b А. И.  |c специалист в области машиностроения  |c доктор технических наук, профессор  |f 1895-1974  |g Анатолий Иванович  |2 stltpush  |3 (RuTPU)RU\TPU\pers\39678  |9 21049 
701 1 |a Бочаров  |b Ю. А. 
701 1 |a Беленко  |b В. Д. 
801 1 |a RU  |b 63413507  |c 20030707  |g PSBO 
801 2 |a RU  |b 63413507  |c 20180216  |g PSBO 
942 |c BK